| 000 | 01303nam0a22002651 4500 | ||
|---|---|---|---|
| 001 | rc\88150 | ||
| 005 | 20260312125853.0 | ||
| 035 | _a(NLR Aleph) 005397190 | ||
| 090 |
_a7238898 _c7238898 |
||
| 100 | _a20021216d1993 u y0rusy50 ca | ||
| 101 | 0 | _arus | |
| 102 | _aRU | ||
| 105 | _aa ||||||||| | ||
| 200 | 1 |
_aЗаслуженный художник Российской Федерации Валентин Захарович Пурыгин. Живопись, графика _eКат. выст. _f[Сост. А.Я. Басс _gАвт. вступ. ст. А.И. Морозов] |
|
| 210 |
_aМ. _cГАЛАРТ _d1993 |
||
| 215 |
_a[47] с. _cил., цв. ил. _d29 |
||
| 300 | _aВ надзаг.: Гос. музейно-выст. центр "Росизо". М-во культуры и туризма Рос. Федерации. Там. обл. худож. музей. Междунар. центр культуры "Волга" | ||
| 702 | 1 |
_aБасс _bА. Я. _f1930-2006 _gАнетта Яковлевна _3RU\NLR\AUTH\770290920 _4220 |
|
| 710 | 1 | 2 |
_aПурыгин, Валентин Захарович. Выставка произведений _f1993 _eМосква |
| 801 | 0 |
_aRU _bNLR _gpsbo |
|
| 801 | 1 |
_aRU _bELAR _2rusmarc |
|
| 852 |
_aNLR _bЭ _jКП/П889 |
||
| 942 | _cBOOK | ||
| 980 | _aNB | ||